| 000 | 00381pab a2200145 454500 | ||
|---|---|---|---|
| 008 | 180718b2006 xxu||||| |||| 00| 0 eng d | ||
| 100 | _aMulgan, Richard | ||
| 245 | _aGovernment accountability for outsourced services | ||
| 260 | _c2006 | ||
| 300 | _ap.48-58. | ||
| 362 | _aJun | ||
| 650 | _aOutsourcing | ||
| 773 | _aAustralian Journal of Public Administration | ||
| 909 | _a70368 | ||
| 999 |
_c70368 _d70368 |
||